[Event "Novokuznetsk SFO-ch U15 Girls"]
[Site "Novokuznetsk"]
[Date "2014.11.08"]
[Round "7"]
[White "Popova, Katerina"]
[Black "Elboeva, Polina"]
[Result "1-0"]
[WhiteElo "800"]
[BlackElo "700"]
[PlyCount "75"]
[EventDate "2014.11.02"]
[EventType "swiss"]
[EventRounds "9"]
[EventCountry "RUS"]
[SourceTitle "CBM 163 Extra"]
[Source "ChessBase"]
[SourceDate "2014.12.23"]
[SourceVersion "1"]
[SourceVersionDate "2014.12.23"]
[SourceQuality "1"]

1. e4 d5 2. exd5 Nf6 3. Nc3 Nxd5 4. Qf3 c6 5. Bc4 Be6 6. Nge2 Nd7 7. Nxd5 Rc8 8. Ne3 Ne5 9. Qf4 Ng6 10. Qe4 Bd7 11. Nf5 Qc7 12. Nh4 Ne5 13. Nf3 Ng4 14. h3 Nf6 15. Qe5 Qb6 16. Ng5 h6 17. Nxf7 Rg8 18. Nd6+ Kd8 19. Nxc8 Bxc8 20. Bxg8 Nxg8 21. Qd4+ Qxd4 22. Nxd4 Nf6 23. 0-0 e5 24. Nb3 b5 25. Re1 Bd6 26. d4 exd4 27. Nxd4 Kc7 28. Ne6+ Kb7 29. Nxg7 Bf8 30. Ne6 Bb4 31. c3 Ba5 32. Bxh6 Ng8 33. Nc5+ Kc7 34. Bf4+ Kd8 35. Rad1+ Bd7 36. Rxd7+ Kc8 37. Re8+ Bd8 38. Rexd8# 1-0

[Event "Novokuznetsk SFO-ch U15 Girls"]
[Site "Novokuznetsk"]
[Date "2014.11.07"]
[Round "6"]
[White "Elboeva, Polina"]
[Black "Maksimova, Alisa"]
[Result "1-0"]
[WhiteElo "700"]
[BlackElo "700"]
[PlyCount "25"]
[EventDate "2014.11.02"]
[EventType "swiss"]
[EventRounds "9"]
[EventCountry "RUS"]
[SourceTitle "CBM 163 Extra"]
[Source "ChessBase"]
[SourceDate "2014.12.23"]
[SourceVersion "1"]
[SourceVersionDate "2014.12.23"]
[SourceQuality "1"]

1. e4 e5 2. d4 exd4 3. c3 dxc3 4. Bc4 Bc5 5. Nxc3 Ne7 6. Nh3 Nbc6 7. 0-0 d6 8. Qf3 0-0 9. Na4 Bd4 10. Rd1 a6 11. Ng5 Ne5 12. Qh5 Bg4 13. Qxh7# 1-0